Red Velvet Songs - Statistics

General Stats
  • This quiz has been taken 785 times
    118 since last reset
  • The average score is 53 of 118
Answer Stats
Answer % Correct
Happiness (행복)
91%
Ice Cream Cake
88%
Psycho
86%
Bad Boy
83%
Red Flavor (빨간 맛)
83%
Russian Roulette (러시안 룰렛)
83%
Cosmic
80%
Dumb Dumb
80%
Peek-A-Boo (피카부)
80%
Queendom
79%
Zimzalabim (짐살라빔)
79%
Feel My Rhythm
77%
Birthday
71%
Power Up
71%
RBB (Really Bad Boy)
71%
Chill Kill
70%
Be Natural
67%
Rookie
64%
Day 1
62%
Umpah Umpah (음파음파)
62%
Zoo
62%
In My Dreams
61%
One of These Nights (7월 7일)
61%
Automatic
58%
Kingdom Come
58%
Pose
58%
ZOOM
52%
BAMBOLEO
50%
BYE BYE
50%
Perfect 10
48%
Bad Dracula
47%
Butterflies
47%
In & Out
47%
Look (봐)
47%
Sunflower
47%
Celebrate
45%
Lady's Room
45%
Mosquito
45%
Iced Coffee
44%
I Just
44%
Knock Knock (Who's There?)
44%
Ladies Night
44%
LP
44%
Moonlight Melody (달빛 소리)
42%
Underwater
42%
Attaboy
41%
Hear the Sea (바다가 들려)
41%
Last Drop
41%
Red Dress
41%
Somethin Kinda Crazy
41%
Sunny Side Up!
41%
You Better Know
41%
Blue Lemonade
39%
Hello, Sunset (다시, 여름)
39%
Knock On Wood
39%
Mojito (여름빛)
39%
My Dear
39%
Night Drive
39%
Bubble
38%
Campfire
38%
Candy (사탕)
38%
Cool World
38%
Love Arcade
38%
Lucky Girl
38%
Mr. E
38%
Nightmare
38%
On A Ride (롤러코스터)
38%
Rainbow Halo
38%
Remember Forever
38%
About Love
36%
Beg For Me
36%
Cool Hot Sweet Love
36%
Eyes Locked, Hands Locked (눈 맞추고, 손 맞대고)
36%
Huff N Puff
36%
La Rouge
36%
Light Me Up
36%
Talk to Me
36%
All Right
35%
Better Be
35%
Rose Scent Breeze (장미꽃 향기는 바람에 날리고)
35%
Don't U Wait No More
35%
Fool
35%
Good, Bad, Ugly
35%
Love is the Way
35%
Oh Boy
35%
Sassy Me (멋있게)
35%
Time Slip
35%
Pushin' N Pullin'
33%
So Good
33%
Stupid Cupid
33%
Taste
33%
Body Talk
32%
Hit That Drum
32%
Jumpin'
32%
Milkshake
32%
My Second Date (두 번째 데이트)
32%
Sunny Afternoon
32%
Sweet Dreams
32%
Would U
32%
Bulldozer
30%
Parade (안녕, 여름)
30%
Rebirth (환생)
30%
Scenery (품경화)
30%
Time to Love
30%
Carpool (카풀)
29%
Little Little
29%
Milky Way
29%
Will I Ever See You Again?
29%
With You (한 여름의 크리스마스)
29%
One Kiss
27%
Take It Slow
27%
Wings
27%
Wish Tree (세가지 소원)
27%
First Time (처음인가요)
26%
Last Love (마지막 사랑)
26%
Bing Bing (친구가 아냐)
24%
Happily Ever After
24%
Some Love
21%
No matching quizzes found
Score Distribution
Percent of People with Each Score
Percentile by Number Answered
Your Score History
You have not taken this quiz since the last reset